Advanced Dental Biomaterials (Record no. 24875)

MARC details
000 -LEADER
fixed length control field 00391nam a22001577a 4500
003 - CONTROL NUMBER IDENTIFIER
control field SGT
020 ## - INTERNATIONAL STANDARD BOOK NUMBER
International Standard Book Number 9781639270491
082 ## - DEWEY DECIMAL CLASSIFICATION NUMBER
Classification number 617.695
Item number A21K
100 ## - MAIN ENTRY--PERSONAL NAME
Personal name Keith, Gerard
245 ## - TITLE STATEMENT
Title Advanced Dental Biomaterials
260 ## - PUBLICATION, DISTRIBUTION, ETC. (IMPRINT)
Name of publisher, distributor, etc American Medical Publishers
Year of Publication 2021
300 ## - PAGE DESCRIPTION
No. of Pages 202
650 ## - SUBJECT ADDED ENTRY--TOPICAL TERM
Topical term or geographic name as entry element Dental Materials
653 ## - KEYWORDS--INDEX TERM
Keyword term Dentistry; Dental MAterials; Biomaterials
942 ## - ADDED ENTRY ELEMENTS (KOHA)
Source of classification or shelving scheme Dewey Decimal Classification
Koha item type Books
Holdings
Withdrawn status Lost status Source of classification or shelving scheme Damaged status Not for loan Home library Current library Shelving location Date acquired Vendor Name SGTU Bill Number Full call number Accession No. (Barcode) Date last seen Bill Date Koha item type
    Dewey Decimal Classification     SGT Dental Library SGT Dental Library Reference Book 24/08/2023 Ahuja Book Co. Pvt. Ltd. SGTU 16974 617.695 A21K FD9220 24/08/2023   Books